Guess the Location #79 (Set 5) - Statistics

General Stats
  • This quiz has been taken 21 times
  • The average score is 13 of 21
Answer Stats
Land Borders Maritime Boundaries Sovereign
State?
First
Letter
Location % Correct
[none] East Timor, Indonesia, New Caledonia, New Zealand, Papua New Guinea, Solomon Islands Y ? Australia
85%
[none] Ireland, United Kingdom N ? Isle of Man
85%
Albania, Montenegro, North Macedonia, Serbia [none] Y ? Kosovo
85%
Finland, Norway Denmark, Estonia, Germany, Latvia, Lithuania, Poland, Russia [and land border locations] Y ? Sweden
85%
Belgium, Germany France, United Kingdom [and land border locations] Y ? Netherlands
80%
Saudi Arabia Bahrain, Iran, United Arab Emirates Y ? Qatar
80%
Belize, Guatemala, United States Cuba, Honduras [and land border locations] Y ? Mexico
75%
Italy [none] Y S San Marino
70%
Oman, Saudi Arabia Djibouti, Eritrea, Somalia [and land border locations] Y ? Yemen
70%
China, India [none] Y B Bhutan
65%
Eritrea, Ethiopia, Somalia Yemen [and some land border locations] Y ? Djibouti
60%
[none] Indonesia, Malaysia Y ? Singapore
60%
Djibouti, Ethiopia, Kenya Yemen [and some land border locations] Y ? Somalia
60%
[none] France, Guernsey N ? Jersey
55%
[none] Réunion, Seychelles Y ? Mauritius
55%
[none] Fiji, New Caledonia, Solomon Islands Y ? Vanuatu
55%
[none] Argentina N ? Falkland Islands
50%
[none] Comoros, Madagascar, Mauritius, Mozambique N ? Réunion
35%
[none] Greenland, Iceland N ? Jan Mayen
25%
[none] American Samoa, French Polynesia, Kiribati, Niue, Tokelau N ? Cook Islands
20%
[none] Antigua and Barbuda, Saba, Saint Kitts and Nevis, Saint Martin, Sint Eustatius, Sint Maarten N ? Saint Barthélemy
15%
No matching quizzes found
Score Distribution
Percent of People with Each Score
Percentile by Number Answered
Your Score History
You have not taken this quiz